[Event "CRO Cup"]
[Site "Mali Losinj"]
[Date "2023.05.14"]
[Round "6.4"]
[White "Muskardin, Mario"]
[Black "Havas, Janko"]
[Result "1-0"]
[WhiteElo "2358"]
[BlackElo "2141"]
[PlyCount "87"]
[EventDate "2023.05.10"]
[EventType "team-swiss"]
[EventRounds "6"]
[EventCountry "CRO"]
[SourceTitle "CBM 214 Extra"]
[Source "ChessBase"]
[SourceDate "2023.07.31"]
[SourceVersion "1"]
[SourceVersionDate "2023.07.31"]
[SourceQuality "1"]
[WhiteTeam "Sveta Nedelja"]
[BlackTeam "Mihovljan Sloboda"]
[WhiteTeamCountry "CRO"]
[BlackTeamCountry "CRO"]

1. e4 Nf6 2. e5 Nd5 3. d4 d6 4. c4 Nb6 5. exd6 exd6 6. Nc3 Be7 7. Bd3 0-0 8. Nge2 Bg4 9. 0-0 Bf6 10. Be3 Nc6 11. f3 Bh5 12. b3 Re8 13. Qd2 Bg6 14. Be4 Rb8 15. Rad1 Ne7 16. d5 Ra8 17. g4 Nd7 18. g5 Bxc3 19. Nxc3 Nf5 20. Bf2 Nc5 21. Bc2 Qd7 22. b4 Na6 23. Ba4 c6 24. b5 Nb8 25. bxc6 bxc6 26. Qf4 Qc8 27. h4 Rd8 28. dxc6 Nxc6 29. Bxc6 Qxc6 30. h5 Bxh5 31. Qxf5 Qxc4 32. Bd4 Bg6 33. Qd5 Rac8 34. Qxc4 Rxc4 35. Nd5 Ra4 36. Ne7+ Kf8 37. Nxg6+ fxg6 38. Rd2 Rc8 39. Be3 Rc3 40. Re1 Raa3 41. Bf4 Kf7 42. Bxd6 Rd3 43. Re7+ Kg8 44. Rb2 1-0

[Event "Varazdinske Toplice op"]
[Site "Varazdinske Toplice"]
[Date "2022.12.26"]
[Round "1"]
[White "Havas, Janko"]
[Black "Ister, Vera"]
[Result "1-0"]
[WhiteElo "2190"]
[BlackElo "1633"]
[PlyCount "93"]
[EventDate "2022.12.26"]
[EventType "swiss"]
[EventRounds "9"]
[EventCountry "CRO"]
[SourceTitle "CBM 211 Extra"]
[Source "ChessBase"]
[SourceDate "2023.01.31"]
[SourceVersion "1"]
[SourceVersionDate "2023.01.31"]
[SourceQuality "1"]

1. d4 d5 2. c4 e6 3. Nc3 c6 4. Nf3 Nf6 5. e3 Be7 6. Qc2 h6 7. Bd3 Nbd7 8. 0-0 Qc7 9. Re1 b6 10. cxd5 cxd5 11. Bd2 Bb7 12. Rac1 Rc8 13. Qa4 Bc6 14. Nb5 Qb7 15. Qxa7 0-0 16. Qxb7 Bxb7 17. Rxc8 Rxc8 18. Rc1 Rxc1+ 19. Bxc1 Ba6 20. a4 Bb4 21. Bd2 Be7 22. Bf1 Ne4 23. Be1 Nb8 24. Ne5 f6 25. Ng6 Kf7 26. Nxe7 Kxe7 27. f3 Bxb5 28. Bxb5 Nd6 29. Bb4 Nd7 30. Kf2 e5 31. Ke2 Ke6 32. Bxd6 Kxd6 33. Kd3 Nf8 34. b4 Ne6 35. g3 Nc7 36. dxe5+ fxe5 37. e4 Nxb5 38. axb5 d4 39. f4 Ke6 40. Kc4 Kd6 41. h3 g6 42. Kd3 Ke6 43. Kc4 Kd6 44. f5 gxf5 45. exf5 h5 46. g4 hxg4 47. hxg4 1-0

[Event "Varazdinske Toplice op"]
[Site "Varazdinske Toplice"]
[Date "2022.12.26"]
[Round "3"]
[White "Havas, Janko"]
[Black "Premuzic, Zoran"]
[Result "1-0"]
[WhiteElo "2190"]
[BlackElo "1943"]
[PlyCount "59"]
[EventDate "2022.12.26"]
[EventType "swiss"]
[EventRounds "9"]
[EventCountry "CRO"]
[SourceTitle "CBM 211 Extra"]
[Source "ChessBase"]
[SourceDate "2023.01.31"]
[SourceVersion "1"]
[SourceVersionDate "2023.01.31"]
[SourceQuality "1"]

1. d4 Nf6 2. Bg5 d5 3. Bxf6 gxf6 4. c4 c6 5. e3 Bf5 6. Nc3 e6 7. Nge2 Nd7 8. Ng3 Bg6 9. Bd3 Bd6 10. c5 Bc7 11. b4 b5 12. 0-0 a5 13. bxa5 Bxa5 14. Nce2 Bc7 15. e4 Ra3 16. Bc2 Qa8 17. exd5 cxd5 18. Bb3 Qa5 19. f4 h6 20. f5 Bh7 21. fxe6 fxe6 22. Nf4 Bxf4 23. Rxf4 Ke7 24. Rc1 Qc7 25. Rf3 Ra5 26. c6 Nb6 27. Qd2 Nc4 28. Qxh6 f5 29. Nxf5+ Kd8 30. Qf6+ 1-0

[Event "Varazdinske Toplice op"]
[Site "Varazdinske Toplice"]
[Date "2022.12.26"]
[Round "4"]
[White "Roska, Branislav"]
[Black "Havas, Janko"]
[Result "1-0"]
[WhiteElo "2145"]
[BlackElo "2190"]
[PlyCount "133"]
[EventDate "2022.12.26"]
[EventType "swiss"]
[EventRounds "9"]
[EventCountry "CRO"]
[SourceTitle "CBM 211 Extra"]
[Source "ChessBase"]
[SourceDate "2023.01.31"]
[SourceVersion "1"]
[SourceVersionDate "2023.01.31"]
[SourceQuality "1"]

1. e4 Nf6 2. Nc3 d6 3. d4 c6 4. h3 g6 5. Nf3 Bg7 6. Be3 0-0 7. Qd2 b5 8. a3 Re8 9. Be2 a5 10. 0-0 Bb7 11. e5 Nfd7 12. exd6 exd6 13. Bf4 Nb6 14. Rfe1 Na6 15. Bf1 Qd7 16. Rxe8+ Rxe8 17. Re1 Rxe1 18. Qxe1 Nc7 19. Ne4 Nbd5 20. Bxd6 f5 21. Nc5 Qxd6 22. Nxb7 Qd7 23. Nxa5 Ne6 24. Nb3 Ndf4 25. c3 h6 26. Ne5 Qd5 27. Nd2 Kh7 28. Ndf3 Qd6 29. g3 Nd5 30. Bg2 f4 31. g4 c5 32. Qe4 Ne7 33. h4 cxd4 34. cxd4 Bxe5 35. Qxe5 Qd7 36. h5 Ng7 37. Bh3 g5 38. Qe4+ Kh8 39. Ne5 Qd6 40. Ng6+ Nxg6 41. hxg6 Qd8 42. d5 Ne8 43. Qe5+ Kg8 44. Qe6+ Kh8 45. Qf7 Ng7 46. Bg2 Qe8 47. Qxe8+ Nxe8 48. b3 Kg7 49. Be4 Nd6 50. Bf5 h5 51. f3 hxg4 52. fxg4 Kf6 53. a4 bxa4 54. bxa4 Nc4 55. Kf2 Ne3 56. d6 Nd5 57. d7 Ke7 58. g7 Nf6 59. a5 Kf7 60. a6 Kxg7 61. d8Q Ng8 62. Qd7+ Kf8 63. Bg6 Nh6 64. Qe6 Kg7 65. Bf5 Nf7 66. Qe7 Kg8 67. Bg6 1-0

[Event "Varazdinske Toplice op"]
[Site "Varazdinske Toplice"]
[Date "2022.12.26"]
[Round "6"]
[White "Segovic, Goran"]
[Black "Havas, Janko"]
[Result "1-0"]
[WhiteElo "2256"]
[BlackElo "2190"]
[PlyCount "75"]
[EventDate "2022.12.26"]
[EventType "swiss"]
[EventRounds "9"]
[EventCountry "CRO"]
[SourceTitle "CBM 211 Extra"]
[Source "ChessBase"]
[SourceDate "2023.01.31"]
[SourceVersion "1"]
[SourceVersionDate "2023.01.31"]
[SourceQuality "1"]

1. e4 Nf6 2. e5 Nd5 3. c4 Nb6 4. d4 d6 5. f4 dxe5 6. fxe5 Nc6 7. Be3 Bf5 8. Nc3 e6 9. Nf3 Be7 10. Be2 0-0 11. 0-0 f6 12. exf6 Bxf6 13. Qd2 Qe7 14. Rad1 Rad8 15. b3 Rd7 16. c5 Nd5 17. Nxd5 exd5 18. Bb5 Bg4 19. Rde1 Bxf3 20. Rxf3 Re8 21. Bf2 Qd8 22. Rxe8+ Qxe8 23. Qf4 Re7 24. Bd3 Qh5 25. h4 h6 26. g4 Qe8 27. Qf5 Re1+ 28. Kg2 Qe6 29. Qh7+ Kf7 30. Bf5 Qe2 31. Bg6+ Ke7 32. Re3+ Qxe3 33. Bxe3 Rxe3 34. Qg8 Kd7 35. Qxd5+ Kc8 36. Bf5+ Kb8 37. Qg8+ Bd8 38. d5 1-0

[Event "CRO-chT1B 30th"]
[Site "Porec"]
[Date "2022.09.28"]
[Round "5.26"]
[White "Pecnik, Leo"]
[Black "Havas, Janko"]
[Result "1/2-1/2"]
[WhiteElo "2317"]
[BlackElo "2127"]
[PlyCount "46"]
[EventDate "2022.09.24"]
[EventType "team-tourn"]
[EventRounds "9"]
[EventCountry "CRO"]
[SourceTitle "CBM 210 Extra"]
[Source "ChessBase"]
[SourceDate "2022.11.30"]
[SourceVersion "1"]
[SourceVersionDate "2022.11.30"]
[SourceQuality "1"]
[WhiteTeam "Zagreb Mladost"]
[BlackTeam "Mihovljan Sloboda"]
[WhiteTeamCountry "CRO"]
[BlackTeamCountry "CRO"]

1. d4 Nf6 2. Nc3 d6 3. e4 c6 4. f4 Qa5 5. Bd2 Qb6 6. Nf3 Bg4 7. h3 Bxf3 8. Qxf3 Qxd4 9. 0-0-0 Nbd7 10. g4 g6 11. a3 Qb6 12. Bc4 Bg7 13. Rhe1 0-0 14. e5 dxe5 15. fxe5 Nd5 16. Bxd5 cxd5 17. Nxd5 Qe6 18. Bc3 Rac8 19. Kb1 Nc5 20. Bb4 b6 21. Nf4 Qc4 22. b3 Qb5 23. Qe2 Qxe2 1/2-1/2

[Event "EU-ch Amateur U2300"]
[Site "Zagreb"]
[Date "2022.08.15"]
[Round "2"]
[White "Havas, Janko"]
[Black "Pal, Rohan"]
[Result "1-0"]
[WhiteElo "2143"]
[BlackElo "1935"]
[PlyCount "85"]
[EventDate "2022.08.14"]
[EventType "swiss"]
[EventRounds "9"]
[EventCountry "CRO"]
[SourceTitle "CBM 210 Extra"]
[Source "ChessBase"]
[SourceDate "2022.11.30"]
[SourceVersion "1"]
[SourceVersionDate "2022.11.30"]
[SourceQuality "1"]

1. d4 d5 2. Bf4 Nf6 3. e3 e6 4. Nd2 Bd6 5. Bg3 c5 6. c3 Qc7 7. Ngf3 Nbd7 8. Bd3 0-0 9. e4 cxd4 10. cxd4 dxe4 11. Bxe4 Nxe4 12. Nxe4 Bb4+ 13. Ned2 Qc4 14. a3 Bxd2+ 15. Qxd2 Nf6 16. Rc1 Qd5 17. Be5 Qe4+ 18. Qe3 Qg6 19. Nh4 Qh5 20. Bxf6 gxf6 21. Nf3 b6 22. Qf4 Bb7 23. Qxf6 Bxf3 24. gxf3 Qg6 25. Qf4 Rac8 26. Kd2 Rxc1 27. Rxc1 Rd8 28. Rc7 Rd5 29. Ke2 e5 30. Qg3 Rb5 31. Qxg6+ hxg6 32. b4 a5 33. Rc4 Kg7 34. Kd3 Kf6 35. dxe5+ Kxe5 36. a4 Rd5+ 37. Ke3 b5 38. Re4+ Kd6 39. bxa5 b4 40. Rd4 Kc5 41. Rxd5+ Kxd5 42. Kd3 Kc5 43. Kc2 1-0

[Event "CRO-chT1B 29th"]
[Site "Mali Losinj"]
[Date "2021.09.26"]
[Round "3.1"]
[White "Havas, Janko"]
[Black "Sokac, Marko"]
[Result "0-1"]
[WhiteElo "2171"]
[BlackElo "2287"]
[PlyCount "60"]
[EventDate "2021.09.25"]
[EventType "team-tourn"]
[EventRounds "11"]
[EventCountry "CRO"]
[SourceTitle "CBM 204 Extra"]
[Source "ChessBase"]
[SourceDate "2021.11.30"]
[SourceVersion "1"]
[SourceVersionDate "2021.11.30"]
[SourceQuality "1"]
[WhiteTeam "Mihovljan Sloboda"]
[BlackTeam "Novo Virje Konaki"]
[WhiteTeamCountry "CRO"]
[BlackTeamCountry "CRO"]

1. Nf3 e6 2. c4 g5 3. d4 g4 4. Ne5 h5 5. Nc3 Bg7 6. e3 Ne7 7. h3 d6 8. Nd3 gxh3 9. Nf4 hxg2 10. Bxg2 h4 11. Nh5 Kf8 12. Nxg7 Kxg7 13. e4 Ng6 14. Be3 e5 15. Qe2 h3 16. Bf3 h2 17. 0-0-0 Qh4 18. Nd5 Na6 19. Qd2 f6 20. Bg2 Be6 21. b3 Rag8 22. dxe5 dxe5 23. Qa5 Rc8 24. Rhe1 Bg4 25. f3 Qg3 26. Qd2 Bxf3 27. Nxf6 Rcd8 28. Bh6+ Kxf6 29. Qe3 Rxd1+ 30. Rxd1 Qxg2 0-1

[Event "CRO-chT Div1B qual"]
[Site "Crikvenica"]
[Date "2020.11.21"]
[Round "1.5"]
[White "Havas, Janko"]
[Black "Gracin, Damir"]
[Result "1-0"]
[WhiteElo "2160"]
[BlackElo "2169"]
[PlyCount "55"]
[EventDate "2020.11.21"]
[EventType "team-tourn"]
[EventRounds "3"]
[EventCountry "CRO"]
[SourceTitle "EXT 2022"]
[Source "ChessBase"]
[SourceDate "2021.10.06"]
[SourceVersion "1"]
[SourceVersionDate "2021.10.06"]
[SourceQuality "1"]

1. d4 Nf6 2. Nc3 d5 3. Bf4 e6 4. e3 Be7 5. Bd3 0-0 6. Nf3 b6 7. Ne5 Bb7 8. Qf3 c5 9. g4 cxd4 10. exd4 Nc6 11. Nxc6 Bxc6 12. g5 Ne8 13. Rg1 b5 14. Bxh7+ Kxh7 15. Qh3+ Kg8 16. Rg4 Bxg5 17. Rxg5 f5 18. Qe3 Qf6 19. 0-0-0 Rf7 20. Rdg1 Kf8 21. Rg6 Qd8 22. Rxe6 Rc8 23. Qh3 Nf6 24. Qh8+ Ng8 25. Bd6+ Qxd6 26. Rxd6 b4 27. Nxd5 b3 28. axb3 1-0

[Event "Medjimurje Cup"]
[Site "Croatia "]
[Date "2020.02.09"]
[Round "1.1"]
[White "Srpak, Damir"]
[Black "Havas, Janko"]
[Result "1/2-1/2"]
[WhiteElo "1832"]
[BlackElo "2203"]
[PlyCount "59"]
[EventDate "2020.02.09"]
[EventType "team-swiss"]
[EventRounds "6"]
[EventCountry "CRO"]
[SourceTitle "CBM 195 Extra"]
[Source "ChessBase"]
[SourceDate "2020.05.31"]
[SourceVersion "1"]
[SourceVersionDate "2020.05.31"]
[SourceQuality "1"]

1. d4 Nf6 2. Nf3 g6 3. c4 Bg7 4. Nc3 d6 5. e4 0-0 6. Bd3 Nc6 7. d5 Nb4 8. Bb1 e5 9. 0-0 Nh5 10. a3 Na6 11. b4 f5 12. Ra2 f4 13. Ne1 Qe8 14. Bd3 g5 15. Be2 Nf6 16. g4 h5 17. h3 hxg4 18. hxg4 Qg6 19. f3 Kf7 20. Rf2 Rh8 21. Bf1 Rh4 22. Rh2 Bd7 23. Rxh4 gxh4 24. Bh3 Nh7 25. Kh2 Bf8 26. Nd3 Ng5 27. Bd2 Be7 28. Be1 Kg7 29. Bf2 Rh8 30. Ne1 1/2-1/2

[Event "CRO Cup"]
[Site "Mali Losinj"]
[Date "2019.05.18"]
[Round "5.72"]
[White "Vernacki, Srdjan"]
[Black "Havas, Janko"]
[Result "1/2-1/2"]
[WhiteElo "2338"]
[BlackElo "2215"]
[PlyCount "87"]
[EventDate "2019.05.15"]
[EventType "team-swiss"]
[EventRounds "6"]
[EventCountry "CRO"]
[SourceTitle "CBM 190 Extra"]
[Source "ChessBase"]
[SourceDate "2019.07.15"]
[SourceVersion "1"]
[SourceVersionDate "2019.07.15"]
[SourceQuality "1"]
[WhiteTeam "Strigova Stridon"]
[BlackTeam "Mihovljan Sloboda"]
[WhiteTeamCountry "CRO"]
[BlackTeamCountry "CRO"]

1. c4 Nf6 2. Nf3 c5 3. b3 g6 4. Bb2 Bg7 5. e3 0-0 6. Be2 b6 7. 0-0 Bb7 8. Qc2 Na6 9. a3 Rc8 10. d3 d6 11. Nbd2 Rc7 12. Rac1 Qa8 13. Bc3 Nh5 14. Bxg7 Nxg7 15. Qb2 e5 16. b4 Re7 17. Nb1 f5 18. Nc3 Nc7 19. a4 e4 20. dxe4 fxe4 21. Nd2 Nf5 22. a5 bxa5 23. bxc5 dxc5 24. Nb3 Ne6 25. Nxa5 Nh4 26. Nxb7 Rxb7 27. Qd2 Rd8 28. Nd5 Qb8 29. Qc3 Ng5 30. Qf6 h6 31. Nf4 Rf7 32. Qc3 Rb7 33. Bg4 Rf7 34. Rb1 Qd6 35. Rfd1 Qe7 36. Rxd8+ Qxd8 37. g3 Nhf3+ 38. Bxf3 exf3 39. Nxg6 Nh3+ 40. Kh1 Nxf2+ 41. Kg1 Nh3+ 42. Kh1 Nf2+ 43. Kg1 Nh3+ 44. Kh1 1/2-1/2

[Event "CRO Cup"]
[Site "Mali Losinj"]
[Date "2019.05.17"]
[Round "4.122"]
[White "Havas, Janko"]
[Black "Balenovic, Zvonimir"]
[Result "1-0"]
[WhiteElo "2215"]
[BlackElo "2138"]
[PlyCount "69"]
[EventDate "2019.05.15"]
[EventType "team-swiss"]
[EventRounds "6"]
[EventCountry "CRO"]
[SourceTitle "CBM 190 Extra"]
[Source "ChessBase"]
[SourceDate "2019.07.15"]
[SourceVersion "1"]
[SourceVersionDate "2019.07.15"]
[SourceQuality "1"]
[WhiteTeam "Mihovljan Sloboda"]
[BlackTeam "Sisak"]
[WhiteTeamCountry "CRO"]
[BlackTeamCountry "CRO"]

1. d4 Nf6 2. Bg5 Ne4 3. h4 h6 4. Bf4 c5 5. dxc5 Qa5+ 6. Nd2 e6 7. c3 Nxd2 8. b4 Qa3 9. Bxd2 a5 10. Rh3 axb4 11. cxb4 Qa4 12. Qxa4 Rxa4 13. e4 Nc6 14. Bb5 Ra8 15. Ne2 d6 16. cxd6 Bxd6 17. a4 0-0 18. Rb1 e5 19. Rd3 Be7 20. g3 Be6 21. a5 f5 22. a6 Nd8 23. axb7 Nxb7 24. Bc6 Rad8 25. Rxd8 Nxd8 26. Bd5 fxe4 27. Bxe4 Nf7 28. Nc3 Nd6 29. Bd5 Kf7 30. b5 Rb8 31. b6 Nc4 32. Bxc4 Bxc4 33. Be3 Rb7 34. f3 Ke6 35. Na4 1-0

[Event "CRO Cup"]
[Site "Mali Losinj"]
[Date "2019.05.15"]
[Round "1.42"]
[White "Tica, Sven"]
[Black "Havas, Janko"]
[Result "1-0"]
[WhiteElo "2417"]
[BlackElo "2215"]
[PlyCount "53"]
[EventDate "2019.05.15"]
[EventType "team-swiss"]
[EventRounds "6"]
[EventCountry "CRO"]
[SourceTitle "CBM 190 Extra"]
[Source "ChessBase"]
[SourceDate "2019.07.15"]
[SourceVersion "1"]
[SourceVersionDate "2019.07.15"]
[SourceQuality "1"]
[WhiteTeam "Rijeka CC"]
[BlackTeam "Mihovljan Sloboda"]
[WhiteTeamCountry "CRO"]
[BlackTeamCountry "CRO"]

1. Nf3 Nf6 2. g3 g6 3. b3 Bg7 4. Bb2 d6 5. d4 0-0 6. Bg2 c5 7. 0-0 cxd4 8. Nxd4 d5 9. c4 dxc4 10. bxc4 Qc7 11. Na3 a6 12. Rc1 Rd8 13. Qc2 Bd7 14. c5 Nc6 15. Nc4 Ne8 16. e3 Nxd4 17. exd4 Bf5 18. Qb3 Rab8 19. Nb6 Nf6 20. Rfe1 h5 21. d5 Ne8 22. Ba3 Bd4 23. d6 exd6 24. Nd5 Qa5 25. Bb4 Qb5 26. Bf1 Qd7 27. Re7 1-0

[Event "Medimurska CupT"]
[Site "Croatia"]
[Date "2019.02.10"]
[Round "1.1"]
[White "Zadravec, Stjepan"]
[Black "Havas, Janko"]
[Result "0-1"]
[WhiteElo "1922"]
[BlackElo "2205"]
[PlyCount "89"]
[EventDate "2019.02.10"]
[EventType "team-swiss"]
[EventRounds "6"]
[EventCountry "CRO"]
[SourceTitle "EXT 2020"]
[Source "ChessBase"]
[SourceDate "2019.10.17"]
[SourceVersion "1"]
[SourceVersionDate "2019.10.17"]
[SourceQuality "1"]

1. e4 c5 2. Nc3 Nc6 3. g3 g6 4. Bg2 Bg7 5. Nf3 d6 6. 0-0 Nf6 7. d3 0-0 8. Re1 e5 9. Nd5 h6 10. Nxf6+ Qxf6 11. c3 Rb8 12. h3 b5 13. Be3 b4 14. Qc2 Be6 15. Nh2 g5 16. Rf1 Qg6 17. Qd2 Rb6 18. g4 bxc3 19. Qxc3 Rfb8 20. b3 Qf6 21. Rfc1 Nd4 22. Qd2 Qg6 23. Nf3 Bf6 24. Ne1 Bd8 25. Nc2 Nxc2 26. Rxc2 Ra6 27. Qd1 Ba5 28. Bd2 Bxd2 29. Rxd2 Qf6 30. Qe1 Qe7 31. Rdd1 Rb4 32. Qe3 Rab6 33. Rdc1 Qf6 34. Qd2 Kg7 35. Bf1 a5 36. Be2 a4 37. bxa4 Rxa4 38. a3 Rba6 39. d4 Rxd4 40. Qxd4 exd4 41. Bxa6 Qf3 42. Bf1 d3 43. Bg2 Qe2 44. Rab1 c4 45. Bf1 0-1

[Event "CRO-chT2 Center 26th"]
[Site "Croatia"]
[Date "2017.03.26"]
[Round "1.64"]
[White "Mihalincic, Tomislav"]
[Black "Havas, Janko"]
[Result "1-0"]
[WhiteElo "2246"]
[BlackElo "2169"]
[PlyCount "141"]
[EventDate "2017.03.26"]
[EventType "team-tourn"]
[EventRounds "11"]
[EventCountry "CRO"]
[SourceTitle "EXT 2019"]
[Source "ChessBase"]
[SourceDate "2018.10.10"]
[SourceVersion "1"]
[SourceVersionDate "2018.10.10"]
[SourceQuality "1"]

1. e4 c5 2. Nf3 d6 3. Bb5+ Bd7 4. Bxd7+ Qxd7 5. d4 cxd4 6. Nxd4 Nf6 7. Nc3 g6 8. 0-0 Bg7 9. f3 0-0 10. Be3 Nc6 11. Qd2 Ne5 12. b3 Rfc8 13. Nd5 Nxd5 14. exd5 a6 15. a4 a5 16. Rae1 Qc7 17. c4 Re8 18. Re2 Nd7 19. Nb5 Qd8 20. Rfe1 Nf6 21. Bf2 Kf8 22. g4 Ra6 23. Bg3 Nd7 24. Kg2 Ne5 25. h3 Kg8 26. c5 Rf8 27. Rc1 f5 28. f4 Nf7 29. gxf5 dxc5 30. Rxc5 gxf5 31. Nc7 Rd6 32. Ne6 Qb6 33. Rb5 Qa6 34. Rxa5 Qb6 35. Rb5 Qa7 36. Nxf8 Bxf8 37. Qe3 Qa8 38. Bh4 Rg6+ 39. Kh2 Nd6 40. Rb6 Qa5 41. Rd2 Ne4 42. Rxg6+ hxg6 43. Rd4 Qc5 44. Rc4 Qd6 45. Rxe4 fxe4 46. Qxe4 Kh7 47. Bg3 Qf6 48. Qe5 Qb6 49. Qc3 Bg7 50. Qd3 Qf6 51. h4 Kh8 52. Kh3 Qf7 53. b4 Qe8 54. b5 Qc8+ 55. Kh2 Qg4 56. a5 Bf6 57. a6 bxa6 58. bxa6 Qd7 59. Qc4 Kg7 60. Qc5 Qg4 61. Qf2 Qd7 62. a7 Qa4 63. Qg1 Qa2+ 64. Kh1 Kh7 65. Bf2 Qa6 66. Qg2 Qa1+ 67. Kh2 Bxh4 68. Bxh4 Qxa7 69. Qe2 Qd4 70. Qxe7+ Kh6 71. Bg5+ 1-0

[Event "CRO-chT1B 24th"]
[Site "Bol"]
[Date "2015.10.10"]
[Round "8.35"]
[White "Havas, Janko"]
[Black "Brnas, Augustin"]
[Result "1/2-1/2"]
[WhiteElo "2162"]
[BlackElo "2244"]
[PlyCount "63"]
[EventDate "2015.10.03"]
[EventType "team-tourn"]
[EventRounds "9"]
[EventCountry "CRO"]
[SourceTitle "CBM 168 Extra"]
[Source "ChessBase"]
[SourceDate "2015.10.29"]
[SourceVersion "1"]
[SourceVersionDate "2015.10.29"]
[SourceQuality "1"]
[WhiteTeam "Varazdin"]
[BlackTeam "Dubrovnik"]
[WhiteTeamCountry "CRO"]
[BlackTeamCountry "CRO"]

1. c4 Nf6 2. Nf3 g6 3. g3 Bg7 4. Bg2 0-0 5. 0-0 d5 6. cxd5 Nxd5 7. Nc3 Nxc3 8. dxc3 Nc6 9. Be3 Bg4 10. Qxd8 Rfxd8 11. Rad1 Be6 12. Nd4 Nxd4 13. Bxd4 Bxd4 14. Rxd4 Rxd4 15. cxd4 Bxa2 16. Ra1 Bc4 17. Bxb7 Rb8 18. Rxa7 Bxe2 19. Ra8 Rxa8 20. Bxa8 Kg7 21. f4 Kf6 22. Kf2 Bc4 23. Be4 Ke6 24. Ke3 Kd6 25. Kd2 f6 26. Ke3 Bf7 27. Bf3 g5 28. fxg5 fxg5 29. Be4 h6 30. Bf5 Bd5 31. Bd3 Be6 32. Be4 1/2-1/2

[Event "CRO-chT1B 24th"]
[Site "Bol"]
[Date "2015.10.08"]
[Round "6.45"]
[White "Havas, Janko"]
[Black "Jusic, Zdenko"]
[Result "0-1"]
[WhiteElo "2162"]
[BlackElo "2280"]
[PlyCount "76"]
[EventDate "2015.10.03"]
[EventType "team-tourn"]
[EventRounds "9"]
[EventCountry "CRO"]
[SourceTitle "CBM 168 Extra"]
[Source "ChessBase"]
[SourceDate "2015.10.29"]
[SourceVersion "1"]
[SourceVersionDate "2015.10.29"]
[SourceQuality "1"]
[WhiteTeam "Varazdin"]
[BlackTeam "Bibinje Goran"]
[WhiteTeamCountry "CRO"]
[BlackTeamCountry "CRO"]

1. c4 Nf6 2. Nc3 g6 3. Nf3 Bg7 4. g3 0-0 5. Bg2 d5 6. cxd5 Nxd5 7. 0-0 c5 8. d4 cxd4 9. Nxd4 Nxc3 10. bxc3 Nd7 11. Ba3 Re8 12. Qb3 Qc7 13. Rab1 a6 14. Rfd1 Ne5 15. Bc1 Rb8 16. Bf4 Bd7 17. Bd5 Rf8 18. Nf3 Nxf3+ 19. Bxf3 e5 20. Be3 Bf5 21. Bb6 Qe7 22. Qb4 Qe6 23. Bd5 Qf6 24. Be4 Rfe8 25. Bxf5 Qxf5 26. Ba7 Ra8 27. Qxb7 Qc2 28. Bc5 Qxa2 29. Qd5 Qc2 30. Rb7 Qf5 31. Qd7 Rec8 32. Qxf5 gxf5 33. Rd5 a5 34. Bb6 a4 35. Rdd7 a3 36. Rxf7 Bf6 37. Ra7 a2 38. Rxa2 Kxf7 0-1

[Event "SLO-chT1 East"]
[Site "Celje"]
[Date "2014.10.17"]
[Round "6"]
[White "Breznik, Kristijan"]
[Black "Havas, Janko"]
[Result "1-0"]
[WhiteElo "2158"]
[BlackElo "2165"]
[PlyCount "102"]
[EventDate "2014.10.09"]
[EventType "team-tourn"]
[EventRounds "9"]
[EventCountry "SLO"]
[SourceTitle "EXT 2019"]
[Source "ChessBase"]
[SourceDate "2018.10.10"]
[SourceVersion "1"]
[SourceVersionDate "2018.10.10"]
[SourceQuality "1"]
[WhiteTeam "Slovenska Bistrica Impol"]
[BlackTeam "Zalec"]
[WhiteTeamCountry "SLO"]
[BlackTeamCountry "SLO"]

1. e4 Nf6 2. e5 Nd5 3. d4 d6 4. Nf3 Bg4 5. Be2 c6 6. exd6 exd6 7. 0-0 Be7 8. c4 Nb6 9. b3 0-0 10. Nc3 N8d7 11. Bb2 Nf6 12. Re1 Qd7 13. Qd2 Rae8 14. a4 Na8 15. b4 Bxf3 16. Bxf3 d5 17. cxd5 cxd5 18. Ba3 Nb6 19. Qa2 Rc8 20. b5 Bd6 21. Rac1 Rfe8 22. Bxd6 Qxd6 23. Rxe8+ Rxe8 24. a5 Qc7 25. g3 Nbd7 26. Rc2 Rc8 27. Bxd5 Nxd5 28. Qxd5 Nf6 29. Qf5 h5 30. Nd5 Qxc2 31. Ne7+ Kf8 32. Qxc8+ Qxc8 33. Nxc8 a6 34. Nd6 axb5 35. Nxb7 Nd5 36. Kf1 Ke7 37. Ke2 Kd7 38. Kd3 f5 39. h4 g6 40. Nc5+ Kd6 41. a6 Nb4+ 42. Kc3 Nc6 43. Nd3 Kc7 44. d5 Ne7 45. Kd4 Kb6 46. Nb4 Nc8 47. Ke5 Kc5 48. Ke6 Kxb4 49. d6 Na7 50. d7 Nc6 51. Kd6 Nd8 1-0

[Event "CRO-chT U20 23rd"]
[Site "Sv Filip i Jakov"]
[Date "2014.04.19"]
[Round "11.1"]
[White "Havas, Janko"]
[Black "Glavan, Marko"]
[Result "1/2-1/2"]
[WhiteElo "2172"]
[BlackElo "2049"]
[PlyCount "60"]
[EventDate "2014.04.14"]
[EventType "team-tourn"]
[EventRounds "11"]
[EventCountry "CRO"]
[SourceTitle "EXT 2016"]
[Source "ChessBase"]
[SourceDate "2015.10.08"]
[SourceVersion "1"]
[SourceVersionDate "2015.10.08"]
[SourceQuality "1"]

1. d4 d5 2. Nf3 Nf6 3. g3 e6 4. Bg2 Be7 5. 0-0 0-0 6. c3 b6 7. Nbd2 Bb7 8. Ne5 Nbd7 9. Ndf3 c5 10. Qa4 Nxe5 11. Nxe5 Qe8 12. Qd1 cxd4 13. cxd4 Rc8 14. a4 Nd7 15. Nd3 Rc4 16. Be3 a5 17. b3 Rc8 18. Qd2 Ba6 19. Rfc1 Nb8 20. Rxc8 Qxc8 21. Rc1 Qb7 22. Ne5 Rc8 23. Bf3 Nc6 24. Nxc6 Rxc6 25. Rxc6 Qxc6 26. Qc1 Qxc1+ 27. Bxc1 Bd6 28. Bd2 Kf8 29. Kf1 Ke7 30. h4 h6 1/2-1/2

[Event "CRO-chT U20 23rd"]
[Site "Sv Filip i Jakov"]
[Date "2014.04.17"]
[Round "8.1"]
[White "Ivekovic, Bozidar1111"]
[Black "Havas, Janko"]
[Result "1/2-1/2"]
[WhiteElo "2260"]
[BlackElo "2172"]
[PlyCount "70"]
[EventDate "2014.04.14"]
[EventType "team-tourn"]
[EventRounds "11"]
[EventCountry "CRO"]
[SourceTitle "EXT 2016"]
[Source "ChessBase"]
[SourceDate "2015.10.08"]
[SourceVersion "1"]
[SourceVersionDate "2015.10.08"]
[SourceQuality "1"]

1. d4 f5 2. Nf3 Nf6 3. c4 g6 4. g3 Bg7 5. Bg2 0-0 6. 0-0 d6 7. d5 c5 8. dxc6 bxc6 9. Nc3 Bd7 10. Rb1 Na6 11. b4 Rb8 12. a3 c5 13. Nd5 Nc7 14. Nxf6+ Bxf6 15. Bh6 Re8 16. bxc5 Rxb1 17. Qxb1 dxc5 18. Rd1 Qc8 19. e4 Bc6 20. Ng5 Bxg5 21. Bxg5 Qa8 22. Be3 Ne6 23. Qa1 Bxe4 24. Qe5 Kf7 25. Bxe4 Qxe4 26. Qc3 Rb8 27. Re1 Nd4 28. Bxd4 Qxd4 29. Qc1 Rb2 30. Rf1 Qd2 31. Qa1 e5 32. a4 e4 33. Qa3 Qd4 34. a5 a6 35. g4 f4 1/2-1/2